Statistiques concernant Culture Générale - Série 1687

Cliquez ici pour prendre le quiz!

Statistiques générales

  • Ce quiz a été pris 77 fois
  • Le résultat moyen est 5 sur 10

Statistiques - réponses

QuestionRéponse% Correct
À Menton, près de Nice, quel agrume est fêté chaque année depuis 1934 ?citron
94%
Quand un produit alimentaire n'est plus consommable, c'est qu'il a dépassé la date limite de consommation autrement appelée date de ...péremption
90%
Quelle ville, habitée par les Ruthénois, est le chef-lieu de l'Aveyron ?Rodez
58%
Quel fleuve arrose la ville de Troyes, dans l'Aube ?Seine
54%
Dans le roman d'Hemingway "Le Vieil Homme et la Mer", contre quel grand poisson le vieux pêcheur Santiago mène-til un combat acharné ?espadon
51%
De 1983 à 1991, de quel pays d'Asie, Tarek Aziz fut-il le ministre des Affaires étrangères ?Irak
45%
Comment appelle-t-on couramment la plante "Glycyrrhiza glabra", dont on peut mâcher ou sucer un bout de rhizome ?réglisse
42%
Au turf, les deux spécialités de courses de trot sont : le trot monté et le trot...attelé
40%
Dans les années 1970, Teddy Vrignault et André Gaillard formaient un duo comique appelé "Les Frères...Ennemis
39%
Dans quel pays la rivière Prout, qui marque la frontière entre la Moldavie et la Roumanie, prend-elle sa source ?Ukraine
37%

Distribution des résultats

Percentile par nombre de réponses

% des personnes avec chaque résultat

Votre développement - résultats

Vous n’avez pas pris ce quiz